000 00703nam a22002770a 4500
001 PT55566
003 AR-LpoUNG
005 20210131231710.0
008 191001s2011||||xxk|||||||||||||||||eng d
020 _a9780007423712
_c$74
040 _aAR-LpoUNG
_bspa
_cAR-LpoUNG
_eaacr
041 _aeng
044 _axxk
082 0 _a423 734ele
100 1 _aWillis, Dave
245 1 0 _aCollins COBUILD :
_belementary english grammar and practice
250 _a2da. ed.
260 _aGlasgow :
_bHarperCollins,
_c2011.
300 _a270 p :
_bil.
650 4 _aENSEƑANZA DE IDIOMAS
650 4 _aGRAMATICA
650 4 _aLENGUA INGLESA
700 1 _aWright, Jon
905 _a55566
942 _cLIB
999 _c11477
_d11477